| 000 | 00506nam a2200193 a 4500 | ||
|---|---|---|---|
| 008 | |||
| 049 | _aMAIN | ||
| 090 |
_aPR6011.O56 _bFOR |
||
| 100 | 1 | _aForester, C. S. | |
| 245 | 1 | 0 |
_aLieutenant Hornblower./ _cC.S.Forster |
| 260 |
_aBoston : _bLittle, Brown, _c1952. |
||
| 300 |
_a306 p. ; _c21 cm. |
||
| 650 | _aFiction. | ||
| 907 |
_a.b10144560 _b14-03-16 _c21-12-04 |
||
| 003 | |||
| 005 | 20230123133902.0 | ||
| 040 | _cNUST | ||
| 942 |
_cBOOKS _kPR6011.O56 _mFOR |
||
| 999 |
_c156310 _d156310 |
||